गुरु ग्रंथ साहब : (Record no. 120567)
[ view plain ]
| 000 -LEADER | |
|---|---|
| fixed length control field | 01216nam a22002537a 4500 |
| 005 - DATE AND TIME OF LATEST TRANSACTION | |
| control field | 20170124103200.0 |
| 010 ## - LIBRARY OF CONGRESS CONTROL NUMBER | |
| LC control number | B-071895 |
| 020 ## - INTERNATIONAL STANDARD BOOK NUMBER | |
| Terms of availability | 100.00 |
| International Standard Book Number | 8179440060 |
| 035 ## - SYSTEM CONTROL NUMBER | |
| System control number | B-071895 |
| 037 ## - SOURCE OF ACQUISITION | |
| Source of stock number/acquisition | Cen Lib/Ret |
| 040 ## - CATALOGING SOURCE | |
| Original cataloging agency | DPL |
| Language of cataloging | HN |
| 082 ## - DEWEY DECIMAL CLASSIFICATION NUMBER | |
| Classification number | 291 |
| Item number | सैयद |
| 100 ## - MAIN ENTRY--PERSONAL NAME | |
| Personal name | सैयद असद अली |
| 9 (RLIN) | 45799 |
| 245 ## - TITLE STATEMENT | |
| Title | गुरु ग्रंथ साहब : |
| Statement of responsibility, etc | सैयद असद अली |
| Remainder of title | भारतीय दर्शन और इस्लाम / |
| 246 ## - VARYING FORM OF TITLE | |
| Title proper/short title | Guru Granth Sahab : bharteey darshan aur islam / |
| Remainder of title | by Syed Asad Ali |
| 260 ## - PUBLICATION, DISTRIBUTION, ETC. (IMPRINT) | |
| Name of publisher, distributor, etc | सन्त साहित्य संस्थान |
| Place of publication, distribution, etc | नई दिल्ली |
| Date of publication, distribution, etc | 2001 |
| 270 ## - ADDRESS | |
| Address | 3611, नेताजी सुभाष मार्ग, दरियागंज |
| City | नई दिल्ली |
| Postal code | 110002 |
| 300 ## - PHYSICAL DESCRIPTION | |
| Extent | 102पृ. |
| Dimensions | 20सेमी(सजिल्द) |
| 650 ## - SUBJECT ADDED ENTRY--TOPICAL TERM | |
| Topical term or geographic name as entry element | गुरु नानक -- जीवन परिचय |
| 9 (RLIN) | 86998 |
| 650 ## - SUBJECT ADDED ENTRY--TOPICAL TERM | |
| Topical term or geographic name as entry element | गुरु नानक -- इस्लाम का आरम्भ |
| 9 (RLIN) | 91313 |
| 650 ## - SUBJECT ADDED ENTRY--TOPICAL TERM | |
| Topical term or geographic name as entry element | Guru Nanak - biography |
| 9 (RLIN) | 91314 |
| 650 ## - SUBJECT ADDED ENTRY--TOPICAL TERM | |
| Topical term or geographic name as entry element | Guru Nanak - the beginning of Islam |
| 9 (RLIN) | 91315 |
| 942 ## - ADDED ENTRY ELEMENTS (KOHA) | |
| Source of classification or shelving scheme | Dewey Decimal Classification |
| Koha item type | Hindi Books |
| Classification part | 291 |
| Call number suffix | सैयद |
| Withdrawn status | Lost status | Damaged status | Not for loan | Home library | Current library | Date acquired | Source of acquisition | Cost, normal purchase price | Total Checkouts | Full call number | Barcode | Date last seen | Date checked out | Copy number | Cost, replacement price | Price effective from | Koha item type |
|---|---|---|---|---|---|---|---|---|---|---|---|---|---|---|---|---|---|
| Central Library | Central Library | 23/09/2015 | Cen Lib/Ret | 100.00 | 1 | 291 सैयद | B-071895 | 15/01/2018 | 02/01/2018 | 1 | 100.00 | 23/09/2015 | Hindi Books |
